00632nam a2200217 a 450000100060000000300080000600500170001400800410003103500190007204000260009104100080011708200270012510000250015224500540017725000160023126000810024730000280032850000200035665000190037665000190039581634BD-RjUL20231005145007.0230803s20172005ii ||||| |||| 00| 0 eng d a(BD-RjUL)81634 aBD-RjULbengcBD-RjUL aeng 222a631.5233bDAG 2017 aDas, L.D. Vijendra 10aGenetics and plant breeding /cL.D. Vijendra Das  a2nd rev ed. aNew Delhi :bNew Age International P Ltd Publishers,c2005, [reprinted 2017] a272 p. :bill.;c25 cm. aIncludes index. aPlant breeding aPlant genetics